[Event "Zaragoza Casablanca op 5th"]
[Site "Zaragoza"]
[Date "2011.12.29"]
[Round "7"]
[White "Georgiev, Kiril"]
[Black "Glavina, Pablo"]
[Result "1-0"]
[WhiteElo "2666"]
[BlackElo "2468"]
[Annotator "Adla Martin"]
[PlyCount "83"]
[EventDate "2011.12.23"]
[EventType "swiss"]
[EventRounds "9"]
[EventCountry "ESP"]
[SourceTitle "CBM 146 Extra"]
[Source "ChessBase"]
[SourceDate "2012.02.29"]
[SourceVersion "1"]
[SourceVersionDate "2012.02.29"]
[SourceQuality "1"]

1. d4 Nf6 2. c4 c5 3. d5 e6 4. Nc3 exd5 5. cxd5 d6 6. Nf3 g6 7. Bf4 Bg7 8. Qa4+
Bd7 9. Qb3 b5 10. Bxd6 c4 11. Qd1 ({Pablo Glavina señaló en la sala de
análisis que es interesante} 11. Qa3 Qb6 12. e4 a5 13. Qc5 Qxc5 14. Bxc5 b4 15.
Nd1 Nxe4 16. Bd4 O-O) 11... Bf5 $1 {Una excelente novedad que recupera un
debate teórico que se creía cerrado. Hasta ahora se pensaba que las blancas
tenían clara ventaja pero, luego de esta partida, todo vuelve a empezar. La
idea es tener mucho desarrollo por el peón de menos y buen control del centro.}
12. Be5 ({A partir de aquí Georgiev comenzó a pensar, señal inequívoca de que
era consciente de la nueva situación. Su elección ante la novedad de su rival
fue muy práctica. Rápido desarrollo y centralización. En caso de} 12. Ba3 Qa5 {
con posición poco clara.}) 12... Nbd7 13. Bd4 b4 14. Na4 ({Juego cauto.
Glavina contó que había tenido esta posición en su preparación y que contra} 
14. e4 bxc3 15. exf5 cxb2 16. Bxb2 Rb8 {pensaba que tenía buena compensación
por el peón de menos.}) 14... Qa5 15. e3 Rc8 ({También es interesante} 15...
Qxd5 {con buen juego.}) 16. Be2 ({Georgiev no se complica. Los módulos
insisten con} 16. a3 {cuya evidente idea es debilitar la cadena de peones
negra en el flanco de dama y conseguir la casilla c3 para el mal caballo de
"a4".}) 16... O-O 17. O-O ({Ahora no es tan efectiva} 17. a3 b3+ 18. Nc3 Nb6
19. O-O Nfxd5 20. Bxg7 Kxg7 21. Rc1 Rfd8 {y las negras tienen buena presión
con gran ventaja en desarrollo.}) 17... Nxd5 18. Bxg7 Kxg7 19. Nd4 N7f6 $6 ({
Más natural parece} 19... Be4 {manteniendo la presión sin asumir riesgos en
forma de debilidad de la estructura de peones. Sin embargo, en ajedrez el
estilo de juego a menudo tiene gran influencia en la elección de movimientos,
más que la técnica en sí. En este caso, Glavina es un jugador que no teme los
cambios ni las variantes complejas. Aunque es sorprendente que, cuando le
preguntamos en la sala de análisis porque no había jugado el alfil respondió
que... !no la había visto!.}) 20. Nxf5+ gxf5 21. b3 ({Las blancas aún no
pueden generar juego contra los peones negros del flanco de rey porque el peón
pasado de "c" es muy peligroso, por ejemplo:} 21. Qc2 c3 22. bxc3 Nxc3 23. Nxc3
Rxc3 (23... bxc3) 24. Qb2 Rfc8) 21... Rfd8 ({Es interesante} 21... c3 {con la
idea de jugar contra el Ca4}) 22. Qc2 cxb3 23. Qxb3 Nc3 ({La jugada de la
partida parece buena, pero personalmente preferiría mantener fuera de juego al
mal "Ca4" con} 23... Ne4) 24. Nxc3 Rxc3 ({A partir de ahora las negras, que
hasta aquí han jugado casi irreprochablemente obteniendo una gran ventaja
contra su poderoso rival, empiezan a dar respiros a las blancas que estas
aprovechan. Sin duda era mucho mejor} 24... bxc3 {y el peón pasado domina a
las piezas blancas.}) 25. Qb2 Rdc8 ({Otra vez las negras dan respiro. Era mejor
} 25... Qa3 {Glavina dijo que no jugó asi por} 26. Qb1 Ne4 27. f3 $2 Rd2 28.
fxe4 Rxe2 29. Rxf5 Rcc2 30. Rg5+ Kh6 {y si bien en sus análisis llegó hasta
aquí, no fue consciente de que estaba ganado.}) 26. Bf3 {Las blancas mejoran
su posición poco a poco y lo peor para ellas va pasando.} Qa3 27. Qd2 Rd3 28.
Qe2 Rcd8 29. Rac1 Rd2 $2 ({Esta es una muy mala jugada conceptual. La dama
blanca en e2 está casi encerrada y es mejor que siga allí para que no ataque
al débil rey negro. Una jugada natural como} 29... a5 {mantiene una ligera
presión favorable a las negras.}) 30. Qb5 $1 Kg6 31. h4 ({Los módulos dan un
ataque ganador con} 31. Qe5 {aunque la jugada de la partida también es muy
buena.}) 31... Qd3 32. Qxb4 Rxa2 33. Qf4 h6 34. Rcd1 ({Las blancas dejan
escapar un bonito remate señalado rápidamente por los módulos} 34. Rc6 Ra6 35.
Be4 $1 {ganando}) 34... Rd2 35. h5+ Kg7 36. Rxd2 Qxd2 37. Qxf5 Qb2 38. Rb1 Qc3
39. g3 Re8 40. Rb7 Kg8 41. Bd5 Rxe3 42. Qg6+ {Una gran lucha que disfrutamos
con emoción en la sala de análisis. Agradecemos a Pablo Glavina que, tras
haber perdido, acudiera a la sala a mostrarnos su preparación y cambiar sus
impresiones sobre el desarrollo de la partida.} 1-0

[Event "Bangkok op 14th"]
[Site "Bangkok"]
[Date "2014.04.18"]
[Round "8"]
[White "Barbosa, Oliver"]
[Black "Atalik, Suat"]
[Result "1-0"]
[WhiteElo "2580"]
[BlackElo "2562"]
[Annotator "Atalik,S"]
[PlyCount "163"]
[EventDate "2014.04.12"]
[EventType "swiss"]
[EventRounds "9"]
[EventCountry "THA"]
[SourceTitle "CBM 161"]
[Source "ChessBase"]
[SourceDate "2014.07.16"]
[SourceVersion "1"]
[SourceVersionDate "2014.07.16"]
[SourceQuality "1"]

1. d4 Nf6 2. c4 e6 3. Nf3 c5 4. d5 d6 5. Nc3 exd5 6. cxd5 g6 {I still think
that the Modern Benoni provides the tense situation required for this game,
maybe I am wrong.} 7. Bf4 Bg7 (7... a6 8. a4 Bg7 9. h3 O-O 10. e3 $14 {is
overused and White does pretty fine there.}) 8. Qa4+ (8. h3 O-O 9. e3 Na6 10.
Bc4 Nc7 11. a4 Re8 12. Nd2 a6 13. O-O Rb8 14. a5 b5 15. axb6 Rxb6 16. Ra2 Nb5
17. Na4 Rb7 $132) 8... Bd7 9. Qb3 b5 {Shaba's gambit makes the line still
playable.} 10. Bxd6 {The critical line.} (10. Nxb5 Bxb5 11. Qxb5+ Nbd7 12. Bxd6
Ne4 13. Be5 O-O 14. Bxg7 Kxg7 15. Qa4 Rb8 16. Qxe4 Qa5+ 17. Nd2 Rxb2 18. Rd1
Rfb8 $44) 10... c4 $5 {I was relying on this new approach by Cheliabinsk GM
Ponkratov but obviously things are not crystal clear.} (10... Qb6 11. Be5 O-O
12. e3 b4 13. Nb1 Bf5 14. Nbd2 Nbd7 $13) 11. Qa3 $5 {Somehow everyone plays
this,} (11. Qd1 $5) 11... Qb6 12. Bc5 $5 {I can not find words to describe
this move. I simply thought that he had simply blundered.} (12. e4 $142 a5 13.
Qc5 Qxc5 14. Bxc5 b4 15. Nd1 Nxe4 16. Bd4 O-O $44) (12. Qc5 $6 Na6 13. Qxb6
axb6 $44) 12... Qb7 13. Bd4 (13. Ng5 Na6 14. Nce4 Nxe4 15. Nxe4 Qxd5 16. Nd6+
Kf8 17. Be3 Qc6 18. Nxb5+ Kg8 19. Nc3 Qb7 $44) 13... b4 14. Ne4 bxa3 $1 (14...
O-O 15. Nxf6+ Bxf6 16. Qe3 Re8 17. Qf4 Bxd4 18. Qxd4 c3 19. bxc3 bxc3 20. Qxc3
Qxd5 21. e3 $14) 15. Nd6+ Kf8 16. Nxb7 axb2 17. Bxb2 Nxd5 $1 {Black may need
this pawn.} (17... Ne4 $6 18. Bd4 $1 $14) 18. Ne5 (18. O-O-O $6 Nc3 (18...
Bxb2+ 19. Kxb2 c3+ 20. Kc1 Nf6 21. Ne5 Kg7 $40) 19. Bxc3 Bxc3 $40) 18... c3 $5
{I was in between this} ({and} 18... Bc8 19. Na5 c3 20. Ba3+ Kg8 21. O-O-O Bxe5
22. Rxd5 Bf6 23. e4 Kg7 24. Kc2 Nd7 (24... Be6 25. Bc4) 25. Bb5 Nb6 26. Rd3 Be6
27. Bb4 $13) 19. Ba3+ Kg8 20. O-O-O Nb6 $5 {Again a difficult choice among
many alternatives.} (20... Bh6+ $2 21. e3 Nxe3 22. fxe3 Bxe3+ 23. Kc2 Ba4+ 24.
Kxc3 Bxd1 25. Bc4 $18) (20... Bxe5 21. Rxd5 Bf6 22. Nc5 Bc6 23. Ne4 Bh4 24. Rd4
Kg7 25. e3 $14) (20... Be6 21. e4 Bxe5 22. exd5 Bf5 23. Bd3 Bxd3 24. Rxd3 Nd7
25. Kc2 Kg7 26. Nd6 $13) 21. Nxd7 N8xd7 22. e3 Ne5 23. Rd4 $1 (23. Be2 Nec4 $1)
23... h5 24. h3 Nc6 25. Re4 a5 $1 (25... Rb8 26. Ba6 $14) 26. Bc5 Rb8 $5 {
All my pieces are lined up for an unobvious sacrifice.} (26... Nd7 27. Bb5 Nxc5
28. Nxc5 Rc8 $5 $13 (28... Nb4 29. a3 Na2+ 30. Kc2 Rb8 31. Rb1 Nb4+ 32. axb4
Rxb5 33. Na4 Kh7 34. Rc4 axb4 35. Rbxb4 $11)) 27. Ba6 Nb4 $5 (27... Nd5 28. Bd6
Kh7 $13 {is very messy.}) 28. Rxb4 axb4 29. Bxb6 g5 $1 {The forthcoming Rh6 is
the point behind Black's play.} (29... b3 30. axb3 Ra8 31. Bd3 (31. Nc5 Bf8 32.
Bd3)) 30. Bd4 Bxd4 31. exd4 Rh6 32. Nc5 Rd8 33. Rd1 Rhd6 $1 34. Be2 (34. Nb7 $6
{During the game I have thought that this loses by force alas it is quite
obvious.} Rxa6 35. Nxd8 Rxa2 36. Rd3 Ra1+ 37. Kc2 Ra2+ 38. Kb1 Rxf2 39. Nc6
Rxg2 40. d5 Rg1+ 41. Kc2 Rg2+ 42. Kc1 Rg1+ 43. Rd1 Rxd1+ 44. Kxd1 Kf8 45. Nxb4
Ke7 46. Ke2 f5 47. Kd3 Kd6 48. Kxc3 Kc5 49. Kd3 h4 50. Ke3 g4 51. hxg4 fxg4 52.
Kf4 $11) 34... Rxd4 35. Nb3 $6 $138 {A bad move in time trouble.} (35. Bxh5
Rxd1+ 36. Bxd1 Rd2 37. Na6 Rxa2 38. Nxb4 Rxf2 39. Bf3 f5 40. Nd5 Kf7 41. Nxc3
g4 $11) 35... Rxd1+ 36. Bxd1 Ra8 $6 $138 {I could have never learned the rook
versus 2 light pieces type of positions. My dogmatism of almost always
favouring the minor pieces took its toll around these moments of the game.} (
36... h4 $142 37. Kc2 Kg7 38. Be2 f5 39. Bd3 Kf6 40. Nc1 g4 $17 41. Kb3 Rd4 42.
f3 gxh3 43. gxh3 Kg5 $15 {should be better for Black.}) 37. Kb1 Re8 $6 {
Consistently wrong.} (37... h4 $142 $15) 38. Kc2 Re1 $6 ({Even here I could
have gone for} 38... h4 $142) 39. Nc1 Rg1 40. Bf3 g4 41. hxg4 hxg4 42. Bc6 (42.
Bd5 Re1 43. Nd3 Re2+ 44. Kb3 Rd2 45. Nxb4 c2 46. Kb2 Kf8 47. Bc6 Rxf2 48. a4
c1=Q+ 49. Kxc1 Rf4 50. Nc2 Ke7 51. a5 Kd6 52. Bb7 Kc7 53. a6 Rf2 $44 {keeps
drawing chances.}) 42... Re1 43. Bd7 g3 $6 ({I hold to my b4 pawn.} 43... Re4
$142) 44. fxg3 Re3 45. Bc6 Rxg3 46. Bf3 Rg6 47. Nd3 Rb6 48. g4 Ra6 $2 {
Exchanging does not always bring equality.} (48... Kg7 49. Be4 Kf6 50. Kb3 Kg5
51. Bf5 Rb7 52. Nxb4 c2 53. Bxc2 Kxg4 $11) 49. Bd5 Rg6 50. Nxb4 Rxg4 51. Kxc3
Rg3+ 52. Nd3 (52. Kc4 Ra3 53. Kb5 Kf8 54. Nc6 f5 55. Nd4 f4 56. Ne6+ Ke7 57.
Nxf4 Kd6 58. Kb4 Rg3 $16 {brings the same ending as happened in the game.})
52... Kf8 $5 53. a4 Ke7 $1 54. a5 Kd6 55. Bxf7 Kc6 {Black has just caught the
pawn and we have reached a theoretical endgame: Chigorin-Mason, Monte Carlo
1901 which is ironically ended by the same blunder as in my game.} 56. Bc4 Rg5
57. Kb4 Rh5 58. Nf4 Rg5 59. Nd5 Rg1 60. Nc3 {In this part of the game I
thought that I wouldl not allow him to push his pawn further.} (60. Ne7+ Kb7
61. Kb5 Rb1+ 62. Kc5 Ra1 63. Nc6 Rg1 64. Nb4 Rg5+ 65. Bd5+ Kc7 66. Nc2 Rg1 67.
Nd4 Rc1+ 68. Kb5 Rd1 $16) 60... Rg4 61. Na4 Kb7 62. Kb5 Rg5+ 63. Nc5+ Ka7 64.
Bd3 Rh5 65. Kc6 Rh1 66. Ne4 Rd1 67. Bc4 Ra1 68. Kb5 Rb1+ 69. Kc5 Ra1 70. Kb4
Rb1+ 71. Bb3 Ka6 72. Nc5+ Ka7 73. Ne6 Ka6 $2 (73... Kb7 74. Nd4 (74. Ka4 Kc6)
74... Ka6 $11 {A mutual zugzwang position with White to move; so it is a draw.}
75. Nc6 Rxb3+ 76. Kxb3 Kb5 $11) 74. Nd4 {A mutual zugzwang position with Black
on the move and losing!} Rb2 $2 {This is possibly another mistake.} (74... Rg1
75. Bc4+ Kb7 76. Bd3 $16) 75. Ka4 $1 $18 Rb1 76. Bc4+ Ka7 77. Nc6+ Kb7 78. Nb4
Ra1+ 79. Kb5 Rb1 80. Bd3 Rb2 $4 {Chigorin-Mason,Monte Carlo 1901} (80... Rg1 {
Unfortunately the stalemating trick does not fully work!} 81. a6+ Ka7 82. Nc6+
Ka8 83. Kb6 Rb1+ (83... Rg3 84. Bf5 Rb3+ 85. Kc7 Rb6 86. Bc8 $18) 84. Kc7 Rb5
85. Nd4 Rh5 86. Nb5 Rh7+ 87. Kb6 Rh6+ 88. Ka5 Rh4 89. Nd6 Kb8 (89... Rh5+ 90.
Kb6 $18) 90. Kb6 Rb4+ 91. Nb5 Kc8 92. a7 Ra4 93. Be4 $18) 81. Bc2 $1 $18 {
The rook is lost as in the historic game mentioned above.} Kc7 82. Ka4 1-0

[Event "Valjevo"]
[Site "Valjevo"]
[Date "2007.06.18"]
[Round "6"]
[White "Atalik, Suat"]
[Black "Georgiev, Kiril"]
[Result "1/2-1/2"]
[WhiteElo "2584"]
[BlackElo "2653"]
[Annotator "Atalik,S"]
[PlyCount "41"]
[EventDate "2007.06.13"]
[EventType "tourn"]
[EventRounds "9"]
[EventCountry "YUG"]
[EventCategory "15"]
[SourceTitle "CBM 119"]
[Source "ChessBase"]
[SourceDate "2007.08.01"]
[SourceVersion "1"]
[SourceVersionDate "2007.08.01"]
[SourceQuality "1"]

1. d4 Nf6 2. c4 e6 3. Nf3 c5 4. d5 exd5 5. cxd5 d6 6. Nc3 g6 7. h3 $5 {A line
I am not happy at all about in recent years. I was one of the first guys who
initiated this line in 88, however, since then a lot of contributions have
been made to the line.} (7. e4 a6 8. Qe2 $5 {has lost its sting.} Bg4 (8... Qe7
9. e5 dxe5 10. Qxe5 b5 11. Bg5 Nbd7 12. Qxe7+ Bxe7 13. O-O-O O-O $132) 9. e5
Bxf3 10. gxf3 dxe5 11. Qxe5+ Qe7 12. Bf4 Qxe5+ 13. Bxe5 Nbd7 $132) 7... a6 (
7... Bg7 8. e4 O-O 9. Bd3 b5 10. Bxb5 Nxe4 11. Nxe4 Qa5+ 12. Nfd2 Qxb5 13. Nxd6
Qa6 14. N2c4 Nd7 15. O-O Nb6 16. Nxb6 Qxb6 17. Nxc8 Raxc8 18. Rb1 $1 $14) 8. a4
Qe7 {A system which brings a different nature to the game.} 9. g3 $1 {The
fianchetto does not seem to be the most dangerous line against this particular
one but the alternatives are no better. The essence of this line is that White
can advance his e-pawn to e4 in one move.} Bg7 10. Bg2 O-O 11. O-O Ne4 $6 (
11... Nbd7 12. Bf4 {transposes to g3 lines where the opinion is usually
centered around the fact that Qc7 is better placed than Qe7.} Nh5 (12... Rb8
13. e4 b5 14. axb5 axb5 15. Re1 Ne8 (15... b4 16. e5 bxc3 17. exf6 Qxf6 18.
bxc3 $16) 16. Qe2 Rb6 17. Nxb5 Ba6 18. Rxa6 Rxa6 19. Nbd4 Nb8 20. Nc6 Rxc6 21.
dxc6 Nxc6 22. e5 $14) 13. Bg5 f6 14. Bd2 f5 15. Qc1 $13) 12. Nxe4 Qxe4 13. Bf4
{I did not want to move my Nf3 since I thought that exchanges on e5 were
coming anyway.} (13. Nd2 Qe7 14. Nc4 Nd7 15. Bf4 Ne5 16. Nb6 (16. Bxe5 Bxe5 17.
Nxe5 Qxe5 18. Qd2 f5 $1 (18... Bd7 19. f4 Qe7 20. e4 f6 21. Rfe1 $40) 19. f4 (
19. b4 c4 20. Rfc1 Bd7) 19... Qf6 20. Rfe1 Re8 21. Kh2 Bd7 22. e4 fxe4 23. Bxe4
Re7 $15) 16... Rb8 17. Qd2 (17. Qc2 $5) 17... Qc7 18. a5 Bd7 19. Rac1 Bb5 20.
Rfe1 Nd7 21. Nxd7 Qxd7 22. Bh6 Bxh6 23. Qxh6 f5 24. e4 Rbe8 25. exf5 Qxf5 26.
Qd2 Qd3 $11 {is my game with Constantin Ionescu from 1992 Balkaniade where a
draw happenned exactly in this position.} 27. Qxd3 Bxd3 28. Re6 Rd8 29. Rce1
Bf5 30. R6e3 Rf7 $11) 13... Qe7 14. Qd2 Re8 15. e4 (15. Ra3 Qf8 16. b4 Nd7 17.
Rc1 b6 $13) 15... Nd7 16. Bh6 $2 {A draw oriented and stupid move.} (16. Rfe1
Rb8 17. Bf1 $1 b6 (17... Ne5 18. Nxe5 Bxe5 19. Bxe5 Qxe5 20. f4 Qf6 21. Qc3
Qxc3 22. bxc3 $16) 18. Kg2 $1 $16) 16... Bh8 (16... Nf6 17. Bxg7 Kxg7 18. Rfe1
$36) (16... Bxh6 17. Qxh6 Ne5 (17... Qf6 18. b3) 18. Nxe5 Qxe5 19. Qd2 $14) (
16... Bf6 $5 17. Rfe1 (17. Nh2 Ne5) 17... Ne5 18. Nxe5 Qxe5 19. Ra2 Bd7 20. Bf4
Qe7 21. Qa5 $5 $13) 17. Bg5 Qf8 {Kircho also wants to call it a day.} (17...
Bf6 18. h4 $13) (17... f6 $6 18. Bf4 g5 19. Be3 Nb6 20. b3 $16) 18. Bh6 Qe7 19.
Bg5 Qf8 20. Bh6 Qe7 21. Bg5 1/2-1/2

[Event "ISR-chT"]
[Site "Israel"]
[Date "2002.04.26"]
[Round "10"]
[White "Avrukh, Boris"]
[Black "Bar, Roman"]
[Result "1-0"]
[WhiteElo "2567"]
[BlackElo "2456"]
[Annotator "Avrukh,B"]
[PlyCount "101"]
[EventDate "2002.01.10"]
[EventType "team"]
[EventRounds "11"]
[EventCountry "ISR"]
[SourceTitle "CBM 089"]
[Source "ChessBase"]
[SourceDate "2002.08.12"]
[SourceVersion "1"]
[SourceVersionDate "2002.08.12"]
[SourceQuality "1"]

1. d4 Nf6 2. c4 e6 3. Nf3 c5 4. d5 exd5 5. cxd5 d6 6. Nc3 g6 7. h3 a6 8. a4 (8.
e4 b5 9. Bd3 {is another option for white.}) 8... Qe7 9. Bf4 (9. Bg5 {is
played more often, but the text is also interesting.}) 9... Nbd7 (9... Ne4 $6
10. Ra3 $1 {[%csl Ge8]}) (9... Bg7 $143 10. Nd2 $1 {[%cal Gd2c4]} O-O 11. Nc4 {
[%csl Rb6,Gc4]} Rd8 12. e3 Ne8 13. a5 Nd7 14. Na4 Ne5 15. Nab6 Nxc4 16. Bxc4
Rb8 17. Qd2 Nf6 18. Be2 Bd7 19. O-O Bb5 20. Bg5 $1 h6 21. Bxf6 Bxf6 22. Rab1
Qe4 23. Rfc1 Be5 24. Bf1 Re8 25. b4 $16 {Blagojevic,D-Arsovic,Z/Podgorica/1996/
}) 10. e3 ({Straightforward, but unclear is} 10. Nd2 Ne5 11. Bxe5 (11. e4 Bg7
12. Be2 O-O 13. O-O Nfd7 {[%cal Yg6g5]}) 11... Qxe5 12. Nc4 Qe7 13. Qd2 {
[%cal Gd2f4]} h5 (13... Nd7 14. Qf4 f5 $13) 14. Qf4 Bf5 15. e3 Rd8 16. Be2 Ne4
$1 (16... Bg7 $11) 17. O-O Bh6 $15) 10... Bg7 11. Be2 O-O 12. O-O h6 $146 {
A new move in this position, which changes nothing. It still can be useful in
black's plan.} (12... Ne8 13. e4 Rb8 14. Re1 Ne5 15. Nxe5 Bxe5 16. Bh6 (16.
Bxe5 Qxe5 17. Qd2 f5 $132) 16... Ng7 17. f4 Bd4+ 18. Kh2 Bd7 19. Qd2 Rfe8 $13 {
1/2-1/2 Greenfeld,A-Psakhis,L/Israel 1997/CBM 58 ext (25)}) 13. Nd2 Ne8 $2 (
13... Ne5 {was necessary, not allowing white to play Nc4.} 14. a5 {with
complicated play}) 14. Nc4 f5 (14... Ne5 15. Nb6) 15. Ra3 $1 {[%cal Ga3b3]} Ne5
(15... g5 16. Bh2 f4 17. exf4 gxf4 18. Re1 $1 {[%cal Ge1e7]} (18. Bg4 Ne5)
18... Ne5 19. Nb6 Rb8 20. Nxc8 Rxc8 21. Bg4 $36) 16. Nb6 Rb8 17. Bh2 $1 {
A good prophylactical move. Now white makes some prophylactical and quiet
moves in order to prepare play in the centre.} (17. Rb3 g5 18. Bh2 f4 $132 {
[%csl Gh2]}) 17... Nf6 (17... g5 18. f4 $140 (18. Re1 $1) 18... Nd7 $1 {
[%csl Ge3]} 19. Nxc8 Qxe3+ 20. Kh1 Rxc8 $15) 18. Rb3 Nfd7 19. Re1 $1 g5 (19...
Nxb6 $143 20. Rxb6 {[%cal Ge2a6]} Qc7 21. a5 Bd7 22. Qb3 {with a clear better
position for white.}) 20. f4 Nf7 (20... Nxb6 21. fxe5 Nd7 22. e6 Ne5 23. Rb6 $1
$16) 21. Bh5 $1 Nxb6 (21... Nf6 22. Bg6 $1 {[%csl Rf5]} Bd7 23. Nxd7 Qxd7 24.
Qc2 $18 {[%csl Rf5]}) 22. Rxb6 gxf4 23. Bxf7+ (23. exf4 $143 Qf6 $13) 23...
Rxf7 24. Bxf4 $16 {[%csl Rd6]} Rf6 25. Qh5 (25. Qf3 Rg6 26. e4 $5 fxe4 $143 (
26... c4 {[%cal Gg7d4]} 27. Kh1) (26... Bd7 27. e5 $16) 27. Nxe4 Bf5 28. Rxd6
$16) 25... Qc7 (25... Bd7 26. Qh4 $1) 26. a5 Bd7 27. Qh4 {[%csl Rd6][%cal
Gh4g3]} Kh7 (27... Rg6 28. e4 $1 (28. Rxd6 $143 Rxd6 29. Qg3 Qxa5 30. Bxd6 Re8
{[%csl Ge5]} 31. e4 fxe4 32. Rxe4 Rxe4 33. Nxe4 Qa1+ 34. Kh2 Qxb2 35. Nxc5 Bf5
36. Bf4 Kh7 $11) 28... fxe4 (28... Re8 29. e5 {[%cal Gb6g6]}) 29. Nxe4 Re8 30.
Qh5 $1 $18 Kh7 $140 31. Bxd6 Rxd6 32. Ng5+ {[%cal Ge1e8]}) 28. Qg3 Bf8 29. e4
Rg6 30. Qh4 Re8 31. Re3 {[%cal Ge4f5]} (31. Qh5 $5 {[%csl Gg6][%cal Ge4e5]}
fxe4 32. Nxe4 $16) 31... fxe4 32. Nxe4 Bg7 33. Ng5+ $5 (33. Bxd6 $142 Qc8 34.
Rg3 $1 $18 {easily wins for white}) 33... Kg8 34. Rxe8+ Bxe8 35. Ne6 Qf7 36.
Kh2 $2 $138 (36. Rxd6 $142 $1 {was the right decision} Bxb2 37. Qd8 $1 (37. Rd8
$2 Bf6) 37... Bf6 $8 38. Qc8 $18 {with full domination}) (36. Bxd6 $2 Qf3 $1)
36... Qf5 37. Nxg7 (37. Rxd6 $2 Qc2 (37... Qe4 38. Qf2) 38. Bg3 Be5 $19) (37.
Rxb7 $2 Bf6 $1 (37... Qxd5 $2 38. Rxg7+ Rxg7 39. Nxg7 Kxg7 40. Qxh6+ Kf7 41.
Bxd6 Bc6 42. Qh7+ Kf6 43. Qh4+ Ke6 44. Qe7+ Kf5 45. g4+ Kg6 46. Kg3 $16) 38.
Qe1 Qxd5 39. Ng5 Bc6 40. Rb8+ Kg7 41. Ne6+ Qxe6 42. Qxe6 Rxg2+ $19) (37. Bxd6
Rxg2+ $1 (37... Qxd5 $140 38. Nf4 {[%csl Gd5,Gg6]}) 38. Kxg2 Qxd5+ 39. Kf2 Qd2+
(39... Qxe6 40. Qg4) 40. Kf1 Qd3+ 41. Ke1 Qe3+ 42. Kd1 Qd3+ 43. Kc1 Qe3+ $11
44. Kb1 $140 $2 Bg6+ $19) 37... Rxg7 $2 (37... Qxd5 $1 38. Bg3 (38. g4 Kxg7 39.
Qe7+ Bf7 40. Rxb7 $140 Rf6) 38... Kxg7 39. Rxd6 (39. Qe7+ Qf7 $1 {this move I
missed in my calculation after which black holds easily.} (39... Bf7 $143 40.
Rxd6 (40. Rxb7 $5) 40... Rxd6 41. Bxd6 $36 {[%csl Gg7]}) 40. Qxb7 Qxb7 41.
Rxb7+ Kg8 $11) 39... Qg5 $1 (39... Rxd6 $143 40. Qe7+ Qf7 (40... Bf7 41. Bxd6
$36 {[%csl Gg7]}) 41. Qxd6 Bc6 42. Be5+ Kh7 43. Qxc5 $36) 40. Rxg6+ Bxg6 41.
Qc4 Qe7 {and black should hold the position easily.}) 38. Rxd6 Qe4 39. Bg3 Qxh4
40. Bxh4 Rd7 (40... Rg6 41. Rd8 Kf7 42. Rb8 (42. d6 $2 Bc6) 42... Rd6 43. Rxb7+
Bd7 44. Rb6 $18) 41. Rxh6 Rxd5 42. Bf6 $1 $18 {[%cal Gf6c3] The decisive
maneouevre: c3 will be the best square for my bishop and black will be
hopeless against advancing of my g and h-pawns.} Bc6 (42... Rd2 43. Bc3 Rc2 44.
h4 Bc6 45. Rg6+ $18) (42... Rd6 43. Rh8+ Kf7 44. Bc3 $18) 43. Bc3 Rf5 44. g4
Rf3 45. g5 Rf2+ 46. Kg3 Rg2+ 47. Kf4 Kf7 48. h4 Bd7 49. Rh7+ Ke8 50. Bf6 Bh3
51. h5 1-0